MARC

Tag First Indicator Second Indicator Subfields
LEADER 00000cjm a2200000Ma 4500
001 in00004563113
008 770801s1961 nyuzznn efhi n zxx d
007 sd bsmenn||||e
005 20220414133320.5
010 |a r 61001194  
035 |a (OCoLC)on1109101829 
040 |a UMK  |b eng  |c UMK  |d OCLCO  |d OCLCF  |d OCLCQ  |d OCLCO  |d REB  |d OCLCO 
019 |a 1196256715 
028 0 2 |a DL 710039  |b Decca 
035 |a (OCoLC)1109101829  |z (OCoLC)1196256715 
048 |a tb01 
082 0 4 |a 787.6 
100 1 |a Segovia, Andrés,  |d 1893-1987,  |e performer. 
245 1 0 |a Andrés Segovia 
246 1 |i Title on container:  |a Maestro Segovia 
260 |a New York :  |b Decca,  |c [1961] 
300 |a 1 audio disc :  |b analog, 33 1/3 rpm, stereo ;  |c 12 in. 
336 |a performed music  |b prm  |2 rdacontent 
337 |a audio  |b s  |2 rdamedia 
338 |a audio disc  |b sd  |2 rdacarrier 
344 |a analog  |2 rdatr 
344 |c 33 1/3 rpm 
344 |g stereo  |2 rdacpc 
490 1 |a Decca gold label series 
505 0 |a Pavane no. 6 ; Pavane no. 5 / Milan -- Passacaille / Visée -- Giga melancolica -- Largo assai / Haydn -- Zambra granadina / Albéniz -- Gallardas ; Espanoletta / Sanz -- Sonata, longo 79 / Scarlatti -- Andante largo ; Rondo / Sor -- Song without words, op. 30, no. 3 / Mendelssohn -- Romance de los Pinos / Torroba. 
511 0 |a Andrés Segovia, guitar. 
500 |a Program notes on container. 
650 0 |a Guitar music. 
650 0 |a Guitar music, Arranged. 
650 7 |a Guitar music.  |2 fast  |0 (OCoLC)fst00949191 
650 7 |a Guitar music, Arranged.  |2 fast  |0 (OCoLC)fst01188299 
700 1 2 |a Milán, Luis,  |d active 16th century.  |t Maestro.  |k Selections;  |o arranged. 
700 1 2 |a Visée, Robert de.  |t Livre de pièces.  |p Passacaille. 
700 1 2 |a Haydn, Joseph,  |d 1732-1809.  |t Instrumental music.  |k Selections;  |o arranged. 
700 1 2 |a Albéniz, Isaac,  |d 1860-1909.  |t Zambra granadina;  |o arranged. 
700 1 2 |a Sanz, Gaspar,  |d 1640-1710.  |t Instrucción de música sobre la guitarra española.  |p Gallardas,  |r D minor. 
700 1 2 |a Sanz, Gaspar,  |d 1640-1710.  |t Instrucción de música sobre la guitarra española.  |p Españoletas. 
700 1 2 |a Scarlatti, Domenico,  |d 1685-1757.  |t Sonatas,  |m harpsichord.  |k Selections;  |o arranged. 
700 1 2 |a Sor, Fernando,  |d 1778-1839.  |t Guitar music.  |k Selections. 
700 1 2 |a Mendelssohn-Bartholdy, Felix,  |d 1809-1847.  |t Lieder ohne Worte,  |m piano,  |n op. 30.  |n Nr. 3. 
700 1 2 |a Moreno Torroba, Federico,  |d 1891-1982.  |t Castillos de España.  |p Romance de los pinos. 
830 0 |a Decca gold label series. 
994 |a Z0  |b TXA 
948 |h HELD BY TXA - 1 OTHER HOLDINGS 
999 f f |s 4ea2ced2-d667-4e13-a692-1908ab7a8798  |i 4ea2ced2-d667-4e13-a692-1908ab7a8798  |t 0 
952 f f |p ric  |a Texas A&M University  |b Rellis Campus  |c Joint Library Facility  |d Remote Storage  |t 0  |e LP-0521  |h Other scheme  |i audio -- audio disc  |m A14851288119 
998 f f |a LP-0521  |t 0  |l Remote Storage